Pyar Ka Pehla Shehr (Record no. 325040)

000 -LEADER
fixed length control field 00328 a2200133 4500
001 - CONTROL NUMBER
control field 89967
003 - CONTROL NUMBER IDENTIFIER
control field NUST
005 - DATE AND TIME OF LATEST TRANSACTION
control field 20180124144433.0
008 - FIXED-LENGTH DATA ELEMENTS--GENERAL INFORMATION
fixed length control field 180124b xxu||||| |||| 00| 0 eng d
082 ## - DEWEY DECIMAL CLASSIFICATION NUMBER
Classification number 891.4393 MUS
100 ## - MAIN ENTRY--PERSONAL NAME
Personal name Mustansar Hussain Tarrar
9 (RLIN) 9731
245 ## - TITLE STATEMENT
Title Pyar Ka Pehla Shehr
Medium Urdu
260 ## - PUBLICATION, DISTRIBUTION, ETC.
Name of publisher, distributor, etc. Sang-e-Meel Pub
Place of publication, distribution, etc. Lahore
Date of publication, distribution, etc. 2012
300 ## - PHYSICAL DESCRIPTION
Extent 262p.
500 ## - GENERAL NOTE
General note General Books
942 ## - ADDED ENTRY ELEMENTS (KOHA)
Institution code [OBSOLETE] CAE NUST
Call number prefix 891.4393 MUS
Koha item type Book
Source of classification or shelving scheme
Holdings
Withdrawn status Lost status Damaged status Not for loan Collection code Permanent Location Current Location Date acquired Total Checkouts Full call number Barcode Date last seen Price effective from Koha item type
          College of Aeronautical Engineering (CAE) College of Aeronautical Engineering (CAE) 04/03/2017   891.4393 MUS CAE86607 04/05/2017 04/05/2017 Book
© 2023 Central Library, National University of Sciences and Technology. All Rights Reserved.